Normal view
MARC view
- Bottom Line
Entry Personal Name
001 - CONTROL NUMBER
- control field: 77476
003 - CONTROL NUMBER IDENTIFIER
- control field: NUST
005 - DATE AND TIME OF LATEST TRANSACTION
- control field: 20210628205922.0
008 - FIXED-LENGTH DATA ELEMENTS
- fixed length control field: 210628|| aca||aabn | a|a d
040 ## - CATALOGING SOURCE
- Original cataloging agency: NUST
- Transcribing agency: NUST
100 ## - HEADING--PERSONAL NAME
- Personal name: Bottom Line
670 ## - SOURCE DATA FOUND
- Source citation: Work cat.: (NUST): Bottom Line, The book of inside information money,health,success,retirement,investments,taxes,fitness,car travel,education,marriage,home collecting shopping, 1992
